Malá rozprávka o veľkom koňovi Koník Belko a repa

Bibliographic Details
Main Author: Bebjak, Stanislav (Author)
Other Authors: Kolačková, Jarka, 1953- (gup)
Format: Article
Language:Slovak
Subjects:

MARC

LEADER 00000nab a2200000 a 4500
001 vtls000242835
003 SK-MaSNL
005 20260302211829.0
008 111130c1986 xo 0 slo
015 |a SNBRB19rr/mm-uuuuu 
035 |a CL0252949 
040 |a SNKBUCL  |b slo  |c SNKBUCL  |e AACR2 
041 0 |a slo 
044 |a xo  |c SK 
080 |a 885.4-3(087.5)  |2 1981 
100 1 |a Bebjak, Stanislav  |4 aut  |9 267580 
245 1 0 |a Malá rozprávka o veľkom koňovi  |b Koník Belko a repa  |c Stanislav Bebjak ; Jaroslava Kolačková 
650 0 7 |a rozprávky autorské  |2 snkbucl  |9 315429 
655 7 |a články z novín a časopisov  |2 snkbucl  |9 267496 
655 7 |a články z odboru literárna veda a krásna literatúra  |2 snkbucl  |9 770045 
700 1 |a Kolačková, Jarka,  |d 1953-  |4 gup  |9 8415 
773 0 |t Ohník  |g Roč. 38, č. 14 (1985/1986), s. 12-13 
850 |a Slovenská národná knižnica v Martine  |a MTA001 
852 |a SNK  |b KIS3GCP 
958 |a RK 
958 |a LX 
992 |a RBX 
999 |c 1486546  |d 1488476